Southville International School and Colleges
Your cart is empty.
  • Cart
  • Lists
    Public lists Eva Luna New books Lux_list list_1
    Your lists Log in to create your own lists
  • Log in to your account
  • Your cookies
  • Search history
Southville International School and Colleges
  • Advanced search
  • Recent comments
  • Most popular
  • Libraries

Log in to your account

Log in with GOOGLE


If you do not have an external account, but do have a local account, you can still log in:

  1. Home
  2. MARC view: Introduction to management science :
Normal view MARC view ISBD view

Introduction to management science : (Record no. 39534)

[ view plain ]
MARC details
000 -LEADER
fixed length control field 00695nam a2200229 a 4500
005 - DATE AND TIME OF LATEST TRANSACTION
control field 20140311163025.0
008 - FIXED-LENGTH DATA ELEMENTS--GENERAL INFORMATION
fixed length control field 080206s19uu xx 00 eng d
020 ## - INTERNATIONAL STANDARD BOOK NUMBER
International Standard Book Number 9780071259279
050 ## - LIBRARY OF CONGRESS CALL NUMBER
Classification number T 56
Item number .H55 2008
100 ## - MAIN ENTRY--PERSONAL NAME
Personal name Hillier, Frederick S.
245 ## - TITLE STATEMENT
Title Introduction to management science :
Remainder of title a modelling and case studies approach with spreadsheets /
Statement of responsibility, etc Frederick S. Hillier
250 ## - EDITION STATEMENT
Edition statement 3rd ed.
260 ## - PUBLICATION, DISTRIBUTION, ETC. (IMPRINT)
Place of publication, distribution, etc Boston, U.S.A :
Name of publisher, distributor, etc McGraw-Hill,
Date of publication, distribution, etc 2008.
300 ## - PHYSICAL DESCRIPTION
Extent 602 p. :
Other physical details ill ;
Dimensions 26 cm.
521 ## - TARGET AUDIENCE NOTE
Target audience note
650 ## - SUBJECT ADDED ENTRY--TOPICAL TERM
Topical term or geographic name as entry element Management science.
700 ## - ADDED ENTRY--PERSONAL NAME
Personal name Hillier, Mark S.
700 ## - ADDED ENTRY--PERSONAL NAME
Personal name Schmedders, Karl
700 ## - ADDED ENTRY--PERSONAL NAME
Personal name Stephens, Molly
942 ## - ADDED ENTRY ELEMENTS (KOHA)
Koha item type Books
Source of classification or shelving scheme Library of Congress Classification
Call number prefix Foreign
Holdings
Withdrawn status Lost status Source of classification or shelving scheme Damaged status Home library Current library Shelving location Date acquired Source of acquisition Cost, normal purchase price Total Checkouts Total Renewals Full call number Barcode Date last seen Date checked out Copy number Price effective from Koha item type
    Library of Congress Classification   College Library College Library General Circulation Section 02/06/2008 Donation 2439.00 1 9 T 56 .H55 2008 C9265 03/08/2019 01/03/2019 1 10/18/2013 Books

Introduction to management science :

APA

Hillier F. S., Hillier M. S., Schmedders K. & Stephens M. (2008). Introduction to management science. Boston, U.S.A: McGraw-Hill.

Chicago

Hillier Frederick S, Hillier Mark S, Schmedders Karl and Stephens Molly. 2008. Introduction to management science. Boston, U.S.A: McGraw-Hill.

Harvard

Hillier F. S., Hillier M. S., Schmedders K. and Stephens M. (2008). Introduction to management science. Boston, U.S.A: McGraw-Hill.

MLA

Hillier Frederick S, Hillier Mark S, Schmedders Karl and Stephens Molly. Introduction to management science. Boston, U.S.A: McGraw-Hill. 2008.

  • Place hold
  • Print
  • Cite
  • Add to your cart (remove)
  • Save record
    BIBTEX Dublin Core MARCXML MARC (non-Unicode/MARC-8) MARC (Unicode/UTF-8) MARC (Unicode/UTF-8, Standard) MODS (XML) RIS
  • More searches
    Search for this title in:
    Other Libraries (WorldCat) Other Databases (Google Scholar) Online Stores (Bookfinder.com) Open Library (openlibrary.org)

Exporting to Dublin Core...

SOUTHVILLE LIBRARY

Southville International School and Colleges Library

1281 Tropical Ave. Cor. Luxembourg St., BF Homes International, Las Pinas City

Tel. No. 8256374 / 252358 Loc. 117/146

Powered by Koha